Sports Quiz

Random Sports or State Quiz

Colleges of The Miami Heat Quiz Stats

 Plays Quiz not verified by Sporcle

Challenge
Share
Tweet
Embed
Score 0/15 Timer 04:00
0 Plays Today
Player College % Correct
Dwyane Wade Marquette
93%
Mario ChalmersKansas
83.1%
Udonis Haslem Florida
80.2%
Mike Miller Florida
80.2%
Chris BoshGeorgia Tech
77.3%
Juwan Howard Michigan
73.8%
Dexter Pittman Texas
61%
James Jones Miami
50.6%
Player College % Correct
Jamaal Magloire Kentucky
47.7%
Zydrunas Ilgauskas Lithuania
37.8%
Eddie House Arizona State
31.4%
Carlos ArroyoFlorida International
29.7%
LeBron James St. Vincent-St. Mary
29.7%
Erick DampierMississippi State
21.5%
Joel AnthonyNevada-Las Vegas
14.5%

You're not logged in!

Compare scores with friends on all Sporcle quizzes.
Join for Free
OR
Log In

You Might Also Like...

Show Comments

Extras

Top Quizzes Today


Score Distribution

Your Account Isn't Verified!

In order to create a playlist on Sporcle, you need to verify the email address you used during registration. Go to your Sporcle Settings to finish the process.

Report this User

Report this user for behavior that violates our Community Guidelines.

Details: